| 000 | 00512nam a2200169 i 4500 | ||
|---|---|---|---|
| 001 | 101588 | ||
| 003 | ES-MaACL | ||
| 005 | 20230906182935.0 | ||
| 007 | t| | ||
| 008 | 051020s1953 sp ||||1| spa d | ||
| 100 | 1 |
_aMee, A. J. _979782 |
|
| 245 | 1 | 0 |
_aQuímica física / _cA. J. Mee; versión de la 4ª edición inglesa por el Dr. Juan Sancho. |
| 260 |
_aBarcelona : _bGustavo Gili, _c1953. |
||
| 300 |
_a800 p., 1 lám. ; _c24 cm. |
||
| 700 | 1 |
_aSancho, Juan. _9103029 |
|
| 852 |
_aES-MaACL _jD-8592 _bR.33269 |
||
| 999 |
_c101588 _d101588 |
||